Non-Capital Cities by Countries - Statistics

General Stats
  • This quiz has been taken 98 times
  • The average score is 12 of 15
Answer Stats
Cities Country % Correct
Venice, Naples, Florence Italy
100%
Lyon, Nantes, Lille France
99%
Da Nang, Can Tho, Ho Chi Minh City Vietnam
99%
Auckland, Christchurch, Invercargill New Zealand
98%
Perm, Saint Petersburg, Nizhniy Novgorod Russia
98%
Tijuana, Ciudad Juarez, Guadalajara Mexico
97%
Winterthur, Lausanne, Basel Switzerland
91%
Rawalpindi, Faisalabad, Lahore Pakistan
84%
Qom, Shiraz, Mashhad Iran
76%
Atyrau, Aktau, Almaty Kazakhstan
76%
Misratah, Ghat, Benghazi Libya
71%
Ibadan, Ilorin, Kano Nigeria
63%
Santa Cruz de la Sierra, Cochabamba, Uyuni Bolivia
57%
Denpasar, Medan, Samarinda Indonesia
56%
Gaalkacyo, Hargeisa, Burco Somalia
34%
No matching quizzes found
Score Distribution
Percent of People with Each Score
Percentile by Number Answered
Your Score History
You have not taken this quiz